| 000 | 01129camaa2200373Mu 4500 | ||
|---|---|---|---|
| 001 | 81869 | ||
| 005 | 20230410132613.0 | ||
| 008 | 910916r19891985sp 000 0 spa d | ||
| 035 | _a(OCoLC)ocn433996962 | ||
| 040 |
_aBNM _erdc _bspa _cBNM |
||
| 016 | 7 |
_abimoBNE19911027145 _2SpMaBN |
|
| 017 | _aM 22955-1989 | ||
| 020 | _a8420600962 | ||
| 020 | _a9788420600963 | ||
| 035 | _a(OCoLC)433996962 | ||
| 041 | 1 |
_aspa _heng |
|
| 049 | _aGRAL | ||
| 050 | 1 | 4 |
_aPR 6005 _bC754p 1989 |
| 100 | 1 |
_aConrad, Joseph _d1857-1924. |
|
| 245 | 1 | 3 |
_aEl pirata _cJoseph Conrad ; [traductor, Eduardo Chamorro] _h[Texto impreso]. |
| 260 |
_aMadrid: _bAlianza Editorial, _c1989 |
||
| 300 |
_a234 p. _c18 cm. |
||
| 490 | 1 | _aEl libro de bolsillo/ 1096. | |
| 500 | 0 | 0 | _aTraducido de: The rover |
| 501 | _aSección : Literatura | ||
| 650 | _aCES | ||
| 650 | _aColección Enriquillo Sánchez | ||
| 700 | 1 |
_aChamorro, Eduardo _d1946- |
|
| 830 | 3 |
_aEl libro de bolsillo (Alianza Editorial) _v1096. |
|
| 830 | 3 |
_aEl libro de bolsillo (Alianza Editorial). _pSección Literatura. |
|
| 942 |
_2lcc _cbk |
||
| 994 |
_aC0 _bDRFGD |
||
| 946 | _aRdC | ||
| 999 |
_c84480 _d84480 |
||